Antología poética bonaerense

Gespeichert in:
Bibliographische Detailangaben
Format: Buch
Sprache:Spanisch
Veröffentlicht: Buenos Aires Fondo Editorial Bonaerense 1977
Schlagworte:
Tags: Tag hinzufügen
Keine Tags, Fügen Sie den ersten Tag hinzu!

MARC

LEADER 00000nam a2200000 a 4500
001 UCT5650
003 CL-VaPUC
008 961216e19770000AG |||||||||||||||||spa|d
082 0 4 |a Ar861  |b ANT  |2 21 
245 1 0 |a Antología poética bonaerense 
300 |a 410 p 
942 |c BK 
945 |d 19961216 00:00:00  |a rleighto 
260 |a Buenos Aires  |b Fondo Editorial Bonaerense  |c 1977 
650 0 |a Poesía argentina  |9 265575 
583 |a last modification  |c 19961216 00:00:00  |k Rodrigo Vera 
999 |c 254538  |d 254536 
952 |0 0  |1 0  |4 0  |6 AR_861_000000000000000_ANT_1977  |7 0  |8 A  |9 276265  |a BIBEDU  |b BIBEDU  |d 2019-11-19  |i 3259064  |o Ar861 ANT 1977  |p 3259064  |r 2019-11-19  |w 2019-11-19  |y BK  |k LIT